Improving the quality and nutritional status of gari through the use of starter cultures and fortification with soybean, palm oil and coconut milk (Record no. 46821)
[ view plain ]
| 000 -LEADER | |
|---|---|
| fixed length control field | 01230nam a22001577a 4500 |
| 003 - CONTROL NUMBER IDENTIFIER | |
| control field | 0 |
| 005 - DATE AND TIME OF LATEST TRANSACTION | |
| control field | 20160609165324.0 |
| 008 - FIXED-LENGTH DATA ELEMENTS--GENERAL INFORMATION | |
| fixed length control field | 100126t xxu||||| |||| 00| 0 eng d |
| 040 ## - SOURCE DU CATALOGAGE | |
| Language of cataloging | Fr |
| Transcribing agency | BIDOC |
| 110 ## - VEDETTE PRINCIPALE - NOM DE COLLECTIVITE | |
| Corporate name or jurisdiction name as entry element | International Scientific Cooperation Projects |
| 9 (RLIN) | 3190 |
| 245 ## - TITLE STATEMENT | |
| Title | Improving the quality and nutritional status of gari through the use of starter cultures and fortification with soybean, palm oil and coconut milk |
| 300 ## - PHYSICAL DESCRIPTION | |
| Extent | 81 p. |
| Dimensions | 30 cm |
| 520 ## - SUMMARY, ETC. | |
| Summary, etc | This report is the final intermediate progress report covering the activities of the GARISECURE project partners for the period from 1 September 2006 to 28 february 2007, which marks the official completion date of the contract. However, some activities which were delayed by circumstances beyond the control of the project team have also been incorporated in this report. In view of the fact that this report coincides with the end of the project, it is much longer than the prescribed length of the short progress report. It is also accompanied by several annexes which contain substantive project deliverables as well as scientific results of later work packages. |
| 653 ## - INDEX TERM--UNCONTROLLED | |
| Uncontrolled term | Nutrition |
| -- | Gari |
| -- | Huile de palme |
| -- | Coco |
| -- | Garisecure |
| -- | Valeur nutritive |
| 942 ## - ADDED ENTRY ELEMENTS (KOHA) | |
| Koha item type | Livre |
| Withdrawn status | Lost status | Damaged status | Not for loan | Location (home branch) | Sublocation or collection (holding branch) | Date acquired | Koha issues (times borrowed) | Koha full call number | Koha date last seen | Copy number | Price effective from | Koha item type |
|---|---|---|---|---|---|---|---|---|---|---|---|---|
| Bibliothèque-Centre de Documentation de la Faculté des Sciences Agronomiques | Bibliothèque-Centre de Documentation de la Faculté des Sciences Agronomiques | 15/06/2010 | NSA.2007.006 | 15/06/2010 | 1 | 15/06/2010 | Livre |